Za zavřenými dveřmi /
Psychologický thriller o zdánlivě dokonalém manželství, ze kterého je tak těžké utéci...
Uloženo v:
| Hlavní autor: | |
|---|---|
| Další autoři: | , , |
| Médium: | E-audiokniha |
| Jazyk: | Czech |
| Vydáno: |
Praha :
Motto,
[2017]
|
| Edice: | Thriller (Motto)
|
| Témata: | |
| Tagy: |
Žádné tagy |
| LEADER | 03747nim a2200913 ia4500 | ||
|---|---|---|---|
| 001 | 313039 | ||
| 003 | CZ PrSKC | ||
| 005 | 20260601215734.0 | ||
| 007 | sd fungnnmmned | ||
| 008 | 170829t20172017xr nnnng f n cze | ||
| 015 | |a cnb002929761 | ||
| 024 | 3 | |a 8594050423459 | |
| 028 | 0 | 1 | |a 8594050423459 |b Motto |
| 040 | |a ABA001 |b cze |e rda | ||
| 041 | 1 | |d cze |h eng | |
| 072 | 7 | |a 821.111-3 |x Anglická próza, anglicky psaná |2 Konspekt | |
| 080 | |a 821.111-31 |2 MRF | ||
| 080 | |a (0:82-312.4) |2 MRF | ||
| 080 | |a (086.7)08 |2 MRF | ||
| 080 | |a (086.76) |2 MRF | ||
| 100 | 1 | |a Paris, B. A. |7 ola2017954767 |4 aut | |
| 240 | 1 | 0 | |a Behind closed doors. |l Česky |
| 245 | 1 | 0 | |a Za zavřenými dveřmi / |c B.A. Paris |
| 264 | 1 | |a Praha : |b Motto, |c [2017] | |
| 264 | 4 | |c ©2017 | |
| 300 | |a 2 audiodisky (9 hod., 2 min.) ; |c 12 cm | ||
| 306 | |a 090200 | ||
| 336 | |a mluvené slovo |b spw |2 rdacontent | ||
| 337 | |a audio |b s |2 rdamedia | ||
| 338 | |a audiodisk |b sd |2 rdacarrier | ||
| 344 | |a digital |b optical |2 rda | ||
| 347 | |a audio soubor |b MP3 |2 rda | ||
| 490 | 1 | |a Thriller | |
| 500 | |a Název z disku | ||
| 500 | |a Translation © Karolina Medková | ||
| 500 | |a Copyright Albatros Media | ||
| 500 | |a Nezkrácená audiokniha na dvou mp3 CD | ||
| 508 | |a Režie Ondřej Jirásek | ||
| 511 | 0 | |a Čte Simona Peková | |
| 518 | |o Nahráno |d únor 2017 |p Recording studio Škroupova Brno | ||
| 520 | 2 | |a Psychologický thriller o zdánlivě dokonalém manželství, ze kterého je tak těžké utéci... |b Dokonalé manželství, nebo dokonalá lež? Páry, jako jsou Jack a Grace, musíte obdivovat, ať chcete nebo ne. On dobře vypadá a umí vydělat peníze, ona je elegantní a šarmantní. Skoro je vám líto, že se s ní nemůžete spřátelit a poznaj ji o trochu víc. Oni dva jsou totiž pořád spolu. Taková láska! Pak si ale uvědomíte, že Grace nikdy nezvedne telefon, že nepřijímá žádná pozvání, pokud není pozván i její manžel. A jejich ložnice má zamřížované okno! Nakladatelská anotace. | |
| 655 | 7 | |a anglické romány |7 fd131814 |2 czenas | |
| 655 | 7 | |a thrillery (romány) |7 fd184206 |2 czenas | |
| 655 | 7 | |a audioknihy |7 fd119452 |2 czenas | |
| 655 | 7 | |a kompaktní disky |7 fd201991 |2 czenas | |
| 700 | 1 | |a Medková, Karolina |7 xx0126769 |4 trl | |
| 700 | 1 | |a Jirásek, Ondřej, |d 1964- |7 jn20020211007 |4 drt | |
| 700 | 1 | |a Peková, Simona, |d 1955- |7 xx0096110 |4 nrt | |
| 830 | 0 | |a Thriller (Motto) | |
| 900 | |a ABA001 |b 19 | ||
| 044 | |a xr | ||
| 505 | 0 | 0 | |t 01 (35 min., 29 sek.) |
| 505 | 0 | 0 | |t 02 (28 min., 22 sek.) |
| 505 | 0 | 0 | |t 03 (12 min., 33 sek.) |
| 505 | 0 | 0 | |t 04 (22 min., 38 sek.) |
| 505 | 0 | 0 | |t 05 (20 min., 32 sek.) |
| 505 | 0 | 0 | |t 06 (39 min., 57 sek.) |
| 505 | 0 | 0 | |t 07 (17 min., 29 sek.) |
| 505 | 0 | 0 | |t 08 (35 min., 3 sek.) |
| 505 | 0 | 0 | |t 09 (10 min., 30 sek.) |
| 505 | 0 | 0 | |t 10 (33 min., 48 sek.) |
| 505 | 0 | 0 | |t 11 (18 min., 56 sek.) |
| 505 | 0 | 0 | |t 12 (45 min., 51 sek.) |
| 505 | 0 | 0 | |t 13 (19 min., 11 sek.) |
| 505 | 0 | 0 | |t 14 (14 min., 33 sek.) |
| 505 | 0 | 0 | |t 15 (7 min., 17 sek.) |
| 505 | 0 | 0 | |t 16 (7 min., 10 sek.) |
| 505 | 0 | 0 | |t 17 (32 min., 56 sek.) |
| 505 | 0 | 0 | |t 18 (3 min., 6 sek.) |
| 505 | 0 | 0 | |t 19 (28 min., 40 sek.) |
| 505 | 0 | 0 | |t 20 (14 min., 0 sek.) |
| 505 | 0 | 0 | |t 21 (5 min., 51 sek.) |
| 505 | 0 | 0 | |t 22 (14 min., 3 sek.) |
| 505 | 0 | 0 | |t 23 (42 min., 38 sek.) |
| 505 | 0 | 0 | |t 24 (16 min., 1 sek.) |
| 505 | 0 | 0 | |t 25 (15 min., 57 sek.) |
| 910 | |a RBIT002 | ||
| 998 | |d 206690 |a https://core.palmknihy.cz/api/books/206690/cover?sia8sk |b https://core.palmknihy.cz/api/books/206690/cover/400?sia8sk |c https://core.palmknihy.cz/api/books/206690/cover/50?sia8sk |e 2028-07-29 |i 8594050423459 |l 32640 |q 49 |r 1 |s https://www.palmknihy.cz/kniha/206690 |t audiobook |y 2017 |z 0 | ||
| 999 | |d 313037 | ||